Fountain 3

Gespeichert in:
Bibliographische Detailangaben
Weitere Verfasser: Lawley, Jim O'Neill, Helen
Format: Buch
Sprache:Englisch
Erschienen: Madrid : Santillana, 1994
Katalog:MANES:  Suchergebnis im Bibliothekskatalog
Schulbuchspezifische Eigenschaften:
Schlagworte:
Tags: Tag hinzufügen
Keine Tags, Fügen Sie den ersten Tag hinzu!
Hinzugefügt zu:22.05.2001
Geändert in:07.05.2025

MARC

LEADER 00000cam a2200000 i 4500
005 20250507134555.0
008 010523s1994 espa fp 000 0 eng d
020 |a 8429437371 (Coursebook) 
040 |a uned  |b spa  |c entro-manes 
245 0 0 |a Fountain 3 
260 |a Madrid :   |b Santillana,   |c 1994 
300 |a [1] v. 
505 1 |g V. 1.   |t Coursebook /   |r Jim Lawley, Helen O'Neill 
546 |a España 
561 |5 es-BUNED  |3 L.T.M. 0858  |a España. Fondo Manes UNED  |k MANES 
690 0 |a LE 
650 7 |a Segunda lengua  |9 36193 
691 0 |a SE 
700 1 |a Lawley, Jim  |9 36647  |a O'Neill, Helen  |9 40789 
942 |2 ddc  |c BK 
999 |c 97620  |d 97620 
999 |c manes:97620  |d 97620